Catálogo
 En Linea

Manual de producción del diseñador gráfico. / (Registro nro. 35936)

Detalles MARC
000 -CABECERA
campo de control de longitud fija 00679nam a2200217 a 4500
001 - NÚMERO DE CONTROL
campo de control 000036445
005 - FECHA Y HORA DE LA ÚLTIMA TRANSACCIÓN
campo de control 20200930075732.0
008 - DATOS DE LONGITUD FIJA--INFORMACIÓN GENERAL
campo de control de longitud fija 120118s1992 mx a 000 0 spa d
020 ## - NÚMERO INTERNACIONAL ESTÁNDAR DEL LIBRO
Número Internacional Estándar del Libro 9688871796
040 ## - FUENTE DE LA CATALOGACIÓN
Centro catalogador/agencia de origen DO-SdBNP
Lengua de catalogación spa
Centro/agencia transcriptor BNPHU
082 ## - NÚMERO DE LA CLASIFICACIÓN DECIMAL DEWEY
Número de clasificación xxxx
Número de documento/Ítem S215
100 1# - ENTRADA PRINCIPAL--NOMBRE DE PERSONA
Nombre de persona Sanders, Norman
9 (RLIN) 62661
240 10 - TÍTULO UNIFORME
Título uniforme Graphic designer´s production handbook
Lenguaje de la obra Español
245 10 - MENCIÓN DE TÍTULO
Título Manual de producción del diseñador gráfico. /
Mención de responsabilidad, etc. Norman Sanders, William Bevington.
250 ## - MENCIÓN DE EDICIÓN
Mención de edición 3a ed.
260 ## - PUBLICACIÓN, DISTRIBUCIÓN, ETC.
Lugar de publicación, distribución, etc. México :
Nombre del editor, distribuidor, etc. Ediciones G. Gili,
Fecha de publicación, distribución, etc. 1992.
300 ## - DESCRIPCIÓN FÍSICA
Extensión 212 p. :
Otras características físicas ils., retr. ;
Dimensiones 21 cm.
490 1# - MENCIÓN DE SERIE
Mención de serie GG Diseño
500 ## - NOTA GENERAL
Nota general Traducido del inglés
830 #0 - PUNTO DE ACCESO ADICIONAL DE SERIE-TÍTULO UNIFORME
Título uniforme GG Diseño
9 (RLIN) 62662
Existencias
Estado de retiro Estado de pérdida Restricciones de uso No para préstamo Código de colección Localización permanente Ubicación/localización actual Ubicación en estantería Fecha de adquisición Número de inventario Total de préstamos Signatura topográfica completa Código de barras Fecha visto por última vez Precio válido a partir de Tipo de ítem Koha
        Monografías: Libros y Folletos General General Orden iniciada 18.01.2012 LF1   xxxx S215 36446-10 25.06.2020 25.06.2020 No se presta

Con tecnología Koha